000 01212cam a2200277 a 4500
003 EG-GiCUC
005 20250223032500.0
008 191215s1992 ua f m 000 0 ara d
040 _aEG-GiCUC
_bara
_cEG-GiCUC
041 0 _aara
049 _aاهداء
097 _aدكتوراه
099 _aCai01.34.Ph.D.1992.أح.ت
100 0 _aأحمد عبدالوارث مرسى محمد
245 1 2 _aالتراث الأدبى فى تفسير القرطبى /
_cأحمد عبدالوارث مرسى محمد ؛ إشراف محمد على رزق الخفاجى : عبدالرحمن مهدى
260 _aسوهاج :
_bأحمد عبدالوارث مرسى محمد :
_c1992
300 _a370ورقة ؛
_c30سم
500 _aإهداء من مكتبة الأستاذ الدكتور على أبوالمكارم
502 _aاطروحة (دكتوراه) - جامعة أسيوط - كلية الآداب بسوهاج - قسم اللغة العربية
700 0 _aعبدالرحمن مهدى :
_eمشرف
700 0 _aمحمد على رزق الخفاجى :
_eمشرف
856 _uhttp://172.23.153.220/th.pdf
905 _aNazla
_eRevisor
905 _aSamia
_eCataloger
942 _2ddc
_cTH
999 _c75873
_d75873